| 000 | 00357nam a2200133 a 4500 | ||
|---|---|---|---|
| 001 | 000028950 | ||
| 005 | 20200930055233.0 | ||
| 008 | 110412s2005 dr a 000 0 spa d | ||
| 040 |
_aDO-SdBNP _bspa _cBNPHU |
||
| 245 | 0 | 0 | _aValoro donde nacĂ. |
| 260 |
_aSanto Domingo : _bInstituto Nacional de Pastoral, _c2005. |
||
| 300 |
_a55 p. ; _c23 cm. |
||
| 049 | _aBNPD | ||
| 999 |
_c28442 _d28442 |
||